000 01091nam a2200301 i 4500
003 EG-GICUC
005 20260210070504.0
008 260210s1990 ua ||||fr|||| 000 0 ara d
040 _a EG-GICUC
_bara
_c EG-GICUC
_d EG-GICUC
_erda
041 0 _aara
082 0 4 _221
_a341.64
_bع ا . ن
092 0 4 _221
099 _aLaw1 12 341.64 ع ا . ن 1990
100 0 _aعائشة راتب
_eمؤلف.
245 1 2 _aالنظرية المعاصرة للحياد /
_cعائشة راتب.
264 _aالقاهرة :
_bدار النهضة العربية،
_c[1990].
300 _aصفحة ;238
_c24 سم
_bإيضاحيات، صور، مثيليات ؛
336 _2rda content
_atext
337 _2rda media
_aComputer
338 _2rda carrier
_aOnline Resource
504 _aيشتمل على إرجاعات ببليوجرافية.
546 _aالنص باللغة العربية
650 1 0 _aالقانون الدولى العام
_2qrmak
651 1 _2qrmak
856 4 0 _uhttps://fll.law.cu.edu.eg/fulltext/bks/B11-04350.pdf
905 _a78
942 _2ddc
_cBK
_e21
_n0
999 _c62344
_d62344